1996 Program authorization review (Record no. 1338)

MARC details
000 -LEADER
fixed length control field 00735nam a2200157 a 4500
005 - DATE AND TIME OF LATEST TRANSACTION
control field 20260322212056.0
008 - FIXED-LENGTH DATA ELEMENTS--GENERAL INFORMATION
fixed length control field data
096 ## - LOCALLY ASSIGNED NLM-TYPE CALL NUMBER (OCLC)
Classification number WA 541 A77 1996
001 - CONTROL NUMBER
control field data
110 2# - MAIN ENTRY--CORPORATE NAME
Corporate name or jurisdiction name as entry element Governor's Office of Strategic Planning and Budgeting
245 10 - TITLE STATEMENT
Title 1996 Program authorization review
Remainder of title Arizona State Hospital
Statement of responsibility, etc. Governor's Office of Strategic Planning and Budgeting & Arizona State Hospital. Behavioral Health Services Department of Health Services.
260 ## - PUBLICATION, DISTRIBUTION, ETC.
Place of publication, distribution, etc. Phoenix, Ariz.
Name of publisher, distributor, etc. Governor's Office of Strategic Planning and Budgeting
Date of publication, distribution, etc. 1996
650 #0 - SUBJECT ADDED ENTRY--TOPICAL TERM
Topical term or geographic name entry element Mental health services
General subdivision Law and legislation
650 #0 - SUBJECT ADDED ENTRY--TOPICAL TERM
Topical term or geographic name entry element Psychiatric hospitals
General subdivision Administration
710 2# - ADDED ENTRY--CORPORATE NAME
Corporate name or jurisdiction name as entry element Arizona State Hospital. Behavioral Health Services Department of Health Services.
Holdings
Withdrawn status Lost status Damaged status Not for loan Home library Current library Shelving location Date acquired Total checkouts Full call number Barcode Date last seen Price effective from Koha item type
        Riverside Riverside General stacks 22/03/2026   GEN BC0011381 22/03/2026 22/03/2026 Books